000
00199nam a2200085Ia 4500
008
170617s9999 xx 000 0 und d
100
_a
Ansari-S.H
245
0
_a
Essintial of Pharmacognosy
260
_b
Himalaya Pub
260
_c
2009
999
_c
15344
_d
15344